XXII. dönem CHP İzmir Milletvekili Erdal Karademir'in 3 Kasım 2002 - 3 kasım 2004 çalışma raporu (Record no. 467)

MARC details
000 -BAŞLIK
Sabit Uzunlukta Kontrol Alanı 01167na a2200277 4500
001 - KONTROL NUMARASI
Denetim Alanı 17098
003 - KONTROL NUMARASI IDENTIFIER
Denetim Alanı MIRAKIL
005 - SON İŞLEM TARİHİ VE ZAMANI
Denetim Alanı 20181213154750.0
008 - SABİT-BOY VERİ ELEMANLARI - GENEL BİLGİLER
Sabit Uzunlukta Kontrol Alanı 161022b tu 000 0
040 ## - KATALOGLAMA KAYNAK
Orijinal Kataloglama Ajansı Milas
Kataloglama Dili tur
Metne Dönüştürmek Ajansı TR-AnCHP
041 ## - DİL KODU
Metin / Ses Parça Veya Ayrı Başlığın Dil Kodu tur
082 ## - DEWEY ONLU SINIFLANDIRMA NUMARASI
Sınıflandırma Numarası CHP 351.00352
Ürün Numarası K26y 2004
090 ## - SINIFLAMA NUMARASI
Sınıflama Numarası CHP 351.00352 K26y 2004
100 ## - ANA GİRİŞ - KİŞİSEL İSİM
Kişisel Ad Karademir, Erdal
Bir Adıyla İlişkilendirilen Başlıklar Ve Kelimeler CHP İzmir Milletvekili
245 ## - BAŞLIK TABLOSU
Başlık XXII. dönem CHP İzmir Milletvekili Erdal Karademir'in 3 Kasım 2002 - 3 kasım 2004 çalışma raporu
Sorumluluk Tablosu, Vb Erdal Karademir
246 ## - UNVAN FORM VARYING
Başlık Doğru / Kısa Başlığı 22. dönem CHP İzmir Milletvekili Erdal Karademir'in 3 Kasım 2002 - 3 kasım 2004 çalışma raporu
260 ## - YAYIN, DAĞITIM, VB
Yayın, Dağıtım, Vb Yeri İzmir
Yayıncı, Dağıtıcı, Vs Adı [yayl. y.]
Yayın, Dağıtım, Vb Tarihi 2004
Üretici Firma Eme Basımevi
300 ## - FİZİKSEL TANIM
Kapsam 473, xiv s.
Diğer Fiziksel Ayrıntıları tbl.; fotğ.
Boyutlar 30 sm.
500 ## - GENEL NOT
Genel Not Yapıt yazarından imzalıdır.
500 ## - GENEL NOT
Genel Not İç kapakta yapıt adı : Meclis çalışmalarım : (3 Kasım 2002-3 Kasım 2004)
600 ## - KONU KATMA GİRİŞ - KURUMSAL ADI
Kişisel Ad Karademir, Erdal
Başlıklar Ve Bir Adla İlişkili Diğer Kelimeler CHP İzmir Milletvekili
Genel Alt Bölümü Meclis çalışmaları
Kronolojik Alt Bölümü 22. Dönem
610 ## - KONU KATMA GİRİŞ - TOPLANTI ADI
Giriş Elemanı Olarak Kurumsal Ad Veya Yargı Alanı Adı CHP
Genel Alt Bölüm Meclis çalışmaları
Kronolojik Alt Bölüm 22. Dönem
740 ## - KATMA GİRİŞ - KONTROLSUZ İLGİLİ / ANALİTİK BAŞLIK
Kontrol Edilmeyen / İlgili Analitik Başlıktaki Meclis çalışmalarım : (3 Kasım 2002-3 Kasım 2004)
942 ## - EKLENDİ GİRİŞ ELEMANLARI (KOHA)
Sınıflandırma Veya Raf Düzeni Kaynak
Koha Öğesi Türü Books
999 ## - SİSTEM KONTROL NUMARALARI (KOHA)
Koha Biblionumber 467
Koha Biblioitemnumber 467
657 ## - INDEX SÜRE - İŞLEVİ
-- CHP meclis çalışmaları
Holdings
Kalıcı Konum Mevcut Konum Edinme Tarihi Edinim Kaynak Toplam Check-Out'Lar Tam Çağrı Numarası Barkod Tarih Son Görülme İtibaren Geçerli Fiyatlar Koha Öğesi Türü Kopya Sayısı
CHP Kütüphanesi CHP Kütüphanesi 10/22/2016 Bağış   CHP 351.00352 K26y 2004 007538 10/22/2016 10/22/2016 Books  
CHP Kütüphanesi CHP Kütüphanesi 10/22/2016 Bağış   CHP 351.00352 K26y 2004 007539 10/22/2016 10/22/2016 Books k.2
CHP Kütüphanesi CHP Kütüphanesi 10/22/2016 Bağış   CHP 351.00352 K26y 2004 007540 10/22/2016 10/22/2016 Books k.3